Motstanderlag for Ham-Kam (2010-2020) - Statistics

General Stats
  • This quiz has been taken 72 times
    69 since last reset
  • The average score is 46 of 67
Answer Stats
Motstander % Correct
Aalesund
98%
Aalesund 2
98%
Tromsø
98%
Tromsø 2
98%
Mo
96%
Start
94%
Viking
94%
Ranheim
92%
Bodø/Glimt
90%
Molde 2
90%
Rosenborg 2
90%
Vålerenga 2
90%
Fredrikstad
88%
Kongsvinger
88%
Lillestrøm
88%
Sandefjord
88%
Skeid
88%
Åsane
85%
Ull/Kisa
83%
Alta
81%
Elverum
81%
Jerv
81%
Strømsgodset 2
81%
Asker
79%
Bryne
79%
Stabæk
79%
Brumunddal
77%
Mjøndalen
77%
Bærum
75%
Hødd
75%
Sandnes Ulf
75%
Nest-Sotra
73%
Sogndal
73%
Raufoss
71%
Grorud
69%
KFUM
69%
Sarpsborg 08
69%
Strømmen
69%
Florø
65%
Byåsen
63%
Nardo
63%
Nybergsund
63%
Tromsdalen
63%
Gjøvik-Lyn
60%
Hønefoss
60%
Levanger
60%
Stjørdals-Blink
60%
Kristiansund
56%
Eidsvold Turn
52%
Finnsnes
52%
Førde
52%
Harstad
52%
Lillehammer
52%
Notodden
52%
Tynset
52%
Brattvåg
50%
Lørenskog
50%
Vard Haugesund
50%
Kjelsås
46%
Rødde
42%
Strindheim
42%
Senja
38%
Randaberg
35%
Valdres
33%
Follo
31%
Løv-Ham
31%
Træff
29%
No matching quizzes found
Score Distribution
Percent of People with Each Score
Percentile by Number Answered
Your Score History
You have not taken this quiz since the last reset